Lenguaje, identidad y tradición en las letras dominicanas : (Registro nro. 14534)

Detalles MARC
000 -LIDER
fixed length control field 01343nam a2200325 a 4500
001 - NÚMERO DE CONTROL
Identificador de número de control 000007066
003 - IDENTIFICACDOR DE NÚMERO DE CONTROL
control field DO-SdBNP
005 - DATE AND TIME OF LATEST TRANSACTION
control field 20240118101515.0
008 - ELEMENTOS DE LONGITUD FIJA
fixed length control field 090904s2004 dr 000 0 spa d
020 ## - ISBN
International Standard Book Number 9993432025
040 ## - FUENTE DE CATALOGACIÓN
Agencia que crea de manera original el registro DO-SdBNP
Idioma de catalogación spa
Agencia que realiza la transcripción BPMSU
082 #4 - NÚMERO DE CLASIFICACIÓN DECIMAL DE DEWEY
Classification number RD864.5
Item number R789L 2004
Edition number 22
100 1# - ASIENTO PRINCIPAL -- NOMBRE PERSONAL
Nombre personal Rosario Candelier, Bruno,
Fechas asociadas con el nombre 1941-
100 z# - ASIENTO PRINCIPAL -- NOMBRE PERSONAL
Nombre personal Candelier, Bruno Rosario,
Fechas asociadas con el nombre 1941
245 10 - MENCIÓN DE TITULO
Título Lenguaje, identidad y tradición en las letras dominicanas :
Subtítulo de Javier Angulo Guridi a Manuel Salvador Gautier /
Mención de responsabilidad Bruno Rosario Candelier.
260 ## - PUBLICACIÓN, DISTRIBUCIÓN, ETC. (PIE DE IMPRENTA)
Lugar de publicación, distribución, etc Santo Domingo :
Nombre del editor, distribuidor, etc. Universidad APEC, Academia Dominicana de la Lengua ;
-- Letra Gráfica,
Fecha de publicación, distribución, etc 2004.
300 ## - DESCRIPCIÓN FÍSICA
Extensión 510 p. ;
Dimensiones 23 cm.
490 0# - MENCIÓN DE SERIES
Mención de serie A la zaga de tu huella,
Volume/sequential designation 2
500 ## - NOTA GENERAL
Nota general Incluye datos biográficos del autor en las solapas
500 ## - NOTA GENERAL
Nota general Incluye referencias bibliográficas y notas al pie de las páginas
505 0# - NOTA DE CONTENIDO
Texto normalizado de contenido Lenguaje, principios y tendencias 13-- Autores y obras nacionales 99
590 ## - NOTA LOCAL
Texto de la nota local Inventariado, 2024/VM
600 14 - ENCABEZAMIENTO DE MATERIA--NOMBRE PERSONAL
Nombre personal Angulo Guridi, Javier
Fechas asociadas con el nombre 1816-1884
Subdivisión temática general Historia y crítica
650 #4 - ENCABEZAMIENTO DE MATERIA--TEMÁTICO
Término temático o nombre geográfico como elemento de entrada Ensayos dominicanos
650 #4 - ENCABEZAMIENTO DE MATERIA--TEMÁTICO
Término temático o nombre geográfico como elemento de entrada Literatura dominicana
650 #4 - ENCABEZAMIENTO DE MATERIA--TEMÁTICO
Término temático o nombre geográfico como elemento de entrada Lenguaje y cultura
Subdivisión temática general Ensayos, conferencias, etc
650 #4 - ENCABEZAMIENTO DE MATERIA--TEMÁTICO
Término temático o nombre geográfico como elemento de entrada Autores dominicanos.
Subdivisión temática general Ensayos, conferencias, etc.
910 ## - VALIDACIÓN
Validación VMateo V. Control de calidad. BPMSU
942 ## - ADDED ENTRY ELEMENTS (KOHA)
Source of classification or shelving scheme Dewey Decimal Classification
Koha item type Libros
Existencias
Withdrawn status Lost status Source of classification or shelving scheme Damaged status Not for loan Collection code Home library Current library Date acquired Total Checkouts Full call number Barcode Date last seen Price effective from Koha item type
    Dewey Decimal Classification     Colección Dominicana Biblioteca Pública Metropolitana Salomé Ureña Biblioteca Pública Metropolitana Salomé Ureña 01/18/2024   BPMSU CD RD864.44 R789L 2004 BPMSU24010028 01/18/2024 01/18/2024 Libros